Kế toán công ty cổ phần và công ty chứngkhoán /

Na minha lista:
Detalhes bibliográficos
Autor principal: Không rõ
Formato: Livro
Idioma:Vietnamese
Publicado em: TKE 2007
Tags: Adicionar Tag
Sem tags, seja o primeiro a adicionar uma tag!
Thư viện lưu trữ: Mạng thư viện Đại học Đà Nẵng
LEADER 00630nam a2200265 4500
001 000027595
003 KÊ-TZ
005 20150403120000.0
008 150403s vm 000 vie
020 |c 0,0000 
040 |a notts 
100 |a Không rõ 
245 |a Kế toán công ty cổ phần và công ty chứngkhoán /  |c Võ Văn Nhị. 
260 |b TKE  |c 2007 
OWN |a LTT 
999 |a From the UDN01 
TYP |a Monograph 
TYP |a Printed language 
980 |a Mạng thư viện Đại học Đà Nẵng